00423nam a2200157Ia 4500008004100000082002100041100001700062245003600079250000600115260003100121300000700152600001700159630003600176700001700212730003600229151018s9999 xx 000 0 und d bRBASDV30746a625 aNavkala Roy aThe Railway Train: How it Works b3 bChildren Books Trustc1997 a32 aNavkala Roy aThe Railway Train: How it Works aNavkala Roy aThe Railway Train: How it Works